Real estate : the good, the bad and the unanswered (Record no. 53152)
[ view plain ]
| 000 -LEADER | |
|---|---|
| fixed length control field | 00513nam a22001817a 4500 |
| 005 - DATE AND TIME OF LATEST TRANSACTION | |
| control field | 20260427143536.0 |
| 008 - FIXED-LENGTH DATA ELEMENTS--GENERAL INFORMATION | |
| fixed length control field | 260427b |||||||| |||| 00| 0 eng d |
| 020 ## - INTERNATIONAL STANDARD BOOK NUMBER | |
| International Standard Book Number | 9789392849534 |
| Qualifying information | hb |
| 082 ## - DEWEY DECIMAL CLASSIFICATION NUMBER | |
| Classification number | 333.33 |
| Item number | SAL |
| 100 ## - MAIN ENTRY--PERSONAL NAME | |
| Personal name | Salgia, Deepesh |
| 245 ## - TITLE STATEMENT | |
| Title | Real estate : the good, the bad and the unanswered |
| 260 ## - PUBLICATION, DISTRIBUTION, ETC. | |
| Place of publication, distribution, etc. | Mumbai |
| Name of publisher, distributor, etc. | Twagaa International |
| Date of publication, distribution, etc. | 2022 |
| 300 ## - PHYSICAL DESCRIPTION | |
| Extent | xvi, 251 [5]p. ; 22cm. |
| 653 ## - INDEX TERM--UNCONTROLLED | |
| Uncontrolled term | Real property |
| 653 ## - INDEX TERM--UNCONTROLLED | |
| Uncontrolled term | Property Right |
| 653 ## - INDEX TERM--UNCONTROLLED | |
| Uncontrolled term | Real Estate Business |
| 942 ## - ADDED ENTRY ELEMENTS (KOHA) | |
| Source of classification or shelving scheme | Dewey Decimal Classification |
| Koha item type | Book |
| Withdrawn status | Lost status | Source of classification or shelving scheme | Damaged status | Not for loan | Home library | Current library | Shelving location | Date acquired | Source of acquisition | Total Checkouts | Full call number | Barcode | Date last seen | Price effective from | Koha item type |
|---|---|---|---|---|---|---|---|---|---|---|---|---|---|---|---|
| Dewey Decimal Classification | LRC, IIT Indore | LRC, IIT Indore | 3rd Floor - General Stack | 27/04/2026 | Gratis Book Price : INR 695.00 | 333.33 SAL | G2336 | 27/04/2026 | 27/04/2026 | Book | |||||
| Dewey Decimal Classification | LRC, IIT Indore | LRC, IIT Indore | 3rd Floor - General Stack | 27/04/2026 | Gratis Book Price : INR 695.00 | 333.33 SAL | G2337 | 27/04/2026 | 27/04/2026 | Book |
